| 000 | 00573nam a22001937a 4500 | ||
|---|---|---|---|
| 999 |
_c2444 _d2444 |
||
| 003 | AR-CdUCM | ||
| 008 | 190304b ||||| |||| 00| 0 esp d | ||
| 020 | _aISBN | ||
| 040 |
_aMUNICIPALIDAD PROVINCIAL DEL CUSCO _cBIBLIOTECA MUNICIPAL DEL CUSCO |
||
| 082 |
_a848.94 / _bSA26 |
||
| 100 |
_aSARTRE, JEAN PAUL _9911 |
||
| 245 | _aMaterialismo y revolución : | ||
| 260 |
_aBuenos Aires : _bLa Pléyade, _c1971. |
||
| 300 |
_a115 paginas ; _c20 cm. |
||
| 650 |
_aMaterialismo _95459 |
||
| 650 |
_aEnsayos políticos _92390 |
||
| 942 |
_2ddc _cLIBROS |
||
| 945 |
_aacrt _d2019-03-04 |
||